00514nam a22001575a 4500001000700000003000400007005001700011008004100028010001700069040001300086082001600099100001900115245015500134260004900289300001800338136701OSt20230704082817.0971219s1955 xx 000 0 eng  a 97227177  aDLCcDLC a338.93bHIL1 aHill, J. F. R.10aTanganyika :ba review of its resources and their development /cJ.F.R. Hill ; prepared under the direction of J.F.R. Hill and edited by J.F. Moffett. aDar as Salaam :bGovt. of Tanganyika,c1955. axviii, 924 p.